Hukamae Islam, Vol.-2: / حکماے اسلام (Record no. 26560)

MARC details
000 -LEADER
fixed length control field 00502nam a22001817a 4500
003 - CONTROL NUMBER IDENTIFIER
control field BDDh-ASL
005 - DATE AND TIME OF LATEST TRANSACTION
control field 20231015030646.0
008 - FIXED-LENGTH DATA ELEMENTS--GENERAL INFORMATION
fixed length control field 211013s1956 i ||||| |||| 00| 0 u d
040 ## - CATALOGING SOURCE
Original cataloging agency BDDh-ASL
Transcribing agency BDDh-ASL
082 ## - DEWEY DECIMAL CLASSIFICATION NUMBER
Classification number 297.3181
Item number NAH
100 1# - MAIN ENTRY--PERSONAL NAME
9 (RLIN) 4130
Personal name Nadwi, Abdus Salam
245 10 - TITLE STATEMENT
Title Hukamae Islam, Vol.-2: / حکماے اسلام
260 ## - PUBLICATION, DISTRIBUTION, ETC.
Place of publication, distribution, etc. Azamgarh :
Name of publisher, distributor, etc. Marif Press,
Date of publication, distribution, etc. 1956.
300 ## - PHYSICAL DESCRIPTION
Extent 347 p. :
Dimensions 26 cm.
650 #0 - SUBJECT ADDED ENTRY--TOPICAL TERM
9 (RLIN) 1652
Topical term or geographic name entry element Islam
650 #0 - SUBJECT ADDED ENTRY--TOPICAL TERM
9 (RLIN) 2172
Topical term or geographic name entry element Philosophy
942 ## - ADDED ENTRY ELEMENTS (KOHA)
Source of classification or shelving scheme Dewey Decimal Classification
Koha item type Books
Holdings
Withdrawn status Lost status Source of classification or shelving scheme Damaged status Not for loan Collection code Home library Current library Shelving location Date acquired Source of acquisition Serial Enumeration / chronology Total Checkouts Full call number Barcode Date last seen Copy number Price effective from Koha item type
    Dewey Decimal Classification     Non-fiction Asiatic Society Library Asiatic Society Library General Stacks 10/13/2021 ASB Library Collection U-0269   297.3181 NAH 112598 10/13/2021 C-1 10/13/2021 Books

Powered by Koha